| 000 | 01159cab a22001935a 4500 | ||
|---|---|---|---|
| 001 | L141656 | ||
| 008 | 071210s2007 xxk f 000 0 eng d | ||
| 035 | _a(Sirsi) u141656 | ||
| 041 | 0 | _aeng | |
| 100 | 1 | _aPearce, Barry | |
| 245 | 0 | 0 |
_aCost-effective community involvement in planning _bpart 2, the lessons so far |
| 260 | _c2007 | ||
| 490 |
_aTown & Country Planning _v76(11) October 2007, 401-410(10) |
||
| 520 | _aSecond of this two-article series (see also L141655) examines sources of expertise on achieving cost-effective community involvement and considers what the available information reveals. Identifies key attributes of successful campaigns: prioritisation of cost, good organisation, effective methods and approaches, and effective identification of requirements. Provides low-cost ideas for successful community involvement. Underlines the importance of long-term investment. Suggests the formation of informal neighbourhood planning groups. Argues that finding further resources should be part of the community involvement plan. | ||
| 590 | _aKA | ||
| 651 | 4 |
_aUnited Kingdom _y |
|
| 690 |
_aPlanning and development _96259 |
||
| 942 | _n0 | ||
| 999 |
_c79560 _d79560 |
||